LDR 00856naa#a2200229#i#450# 001 EN\\bibl\124912 005 20260605173058.5 011 ## _a1019-8946 100 ## _a20260603b2026####ek#y0engy0150####ca 102 ## _aRU 200 1# _aDry protein ingredients based on dairy raw materials: market trends and technological approaches to obtaining products with specified properties _eJournal article 210 1# _aKemerovo _cKemerovo State University _d2026 215 ## _a3 с. 608 ## _aJournal article _2local 675 ## _aСельское хозяйство. Лесное хозяйство. Охота. Рыбное хозяйство. 63 _z 700 #1 _aVolodin _gDmitry N. 700 #1 _aGridin _gAlexander S. 700 #1 _aTopalov _gVictor K. 700 #1 _aKulikova _gIrina K. 700 #1 _aEvdokimov _gIvan A. 700 #1 _aRuslanova _gAnastasia A. 856 4# _ajsocnet.ru _u